00425 2200157 4500001002100000005001500021008004100036020002200077035001900099082001200118090001800130100001800148245002900166260004500195300002700240INLIS00000000000655020241224113318241224||||||||| | ||| |||| ||  a978-979-27-5040-9 0010-12240065500 a004.678 a004.678 FER m0 aFERI SULIANTA00amessenger & mail hacking aJakartabPT. Elex Media Komputindoc2009 aviii + 144 hlm.; 23 cm